|
|
|
|
| LEADER |
00000cam a2200000 4500 |
| 001 |
vtls012248813 |
| 003 |
SK-MaSNL |
| 005 |
20260301214040.0 |
| 008 |
240311s2023 xo o g 000 e slo |
| 015 |
|
|
|a SNBA2024/02
|
| 020 |
|
|
|a 9788081913990
|q (viazané)
|
| 040 |
|
|
|a SNK
|b slo
|c SNK
|e rda
|
| 041 |
1 |
|
|a slo
|h [lat]
|
| 044 |
|
|
|a xo
|c SK
|
| 072 |
|
7 |
|a 27-5
|x Liturgia. Kresťanské umenie a symbolika. Duchovný život
|2 konspekt
|
| 080 |
|
|
|a 27-583
|2 2011
|
| 080 |
|
|
|a 2-423.79
|2 2011
|
| 080 |
|
|
|a 27-184
|2 2011
|
| 080 |
|
|
|a (0:82-84)
|2 2011
|
| 100 |
1 |
|
|a Augustín,
|c svätý,
|d 354-430
|4 aut
|9 166728
|
| 245 |
0 |
0 |
|a Sme krásni, keď milujeme
|b 101 myšlienok svätého Augustína pre pohladenie duše
|c editori Miloš Lichner, Barbora Likavská ; autor predslovu Daniel Hevier
|
| 246 |
3 |
0 |
|a 101 myšlienok svätého Augustína pre pohladenie duše
|
| 246 |
3 |
|
|a Stojeden myšlienok svätého Augustína pre pohladenie duše
|
| 264 |
|
1 |
|a Trnava
|b Dobrá kniha
|c 2023
|
| 300 |
|
|
|a 213 strán
|b fotografie (farebné)
|c 17 cm
|
| 336 |
|
|
|a text
|b txt
|2 rdacontent
|
| 336 |
|
|
|a statický obraz
|b sti
|2 rdacontent
|
| 337 |
|
|
|a bez média
|b n
|2 rdamedia
|
| 338 |
|
|
|a zväzok
|b nc
|2 rdacarrier
|
| 500 |
|
|
|a Preložené pravdepodobne z latinčiny
|
| 600 |
0 |
7 |
|a Augustín,
|c svätý,
|d 354-430
|2 SNKMA
|9 166728
|
| 650 |
0 |
7 |
|a rozjímanie
|2 SNKPH
|9 2010
|
| 650 |
0 |
7 |
|a Contemplation
|2 SNKPHeng
|9 313680
|
| 650 |
0 |
7 |
|a láska
|2 SNKPH
|9 4351
|
| 650 |
0 |
7 |
|a Love
|2 SNKPHeng
|9 300221
|
| 650 |
0 |
7 |
|a Boh a človek
|2 SNKPH
|9 1711
|
| 650 |
0 |
7 |
|a Relations between God and man
|2 SNKPHeng
|9 303193
|
| 655 |
|
7 |
|a citáty
|2 SNKPH
|9 70419
|
| 655 |
|
7 |
|a Quotations
|2 SNKPHeng
|9 302733
|
| 700 |
1 |
|
|a Likavská, Barbora,
|d 1985-
|4 edt
|4 pht
|9 236710
|
| 700 |
1 |
|
|a Hevier, Daniel,
|d 1955-
|4 aui
|9 103400
|
| 700 |
1 |
|
|a Lichner, Miloš,
|d 1971-
|4 edt
|4 trl
|9 12423
|
| 852 |
|
|
|a Slovenská národná knižnica
|
| 919 |
|
|
|a 978-80-8191-399-0
|
| 954 |
|
|
|a duchovná literatúra cudzojazyčná (svetová)
|2 lita
|
| 958 |
|
|
|a NT
|
| 958 |
|
|
|a UP
|
| 968 |
|
|
|b LAT
|
| 999 |
|
|
|c 923598
|d 925528
|
| 952 |
|
|
|a SNK
|b SNK
|y PREZ
|7 0
|p 17A1544155
|o snkSD 92187
|i snk2024/1392
|8 0
|0 0
|1 0
|4 0
|d 2024-01-24
|l 0
|r 2026-02-24 08:23:19
|w 2026-02-24
|
| 952 |
|
|
|a SNK
|b SNK
|y VYP
|7 0
|p 17A1542130
|o snkSD 92187 D1
|i snk2024/3220
|8 3
|g 7.20
|0 0
|1 0
|4 0
|d 2024-02-26
|l 0
|r 2026-02-24 08:23:19
|w 2026-02-24
|